000 00716cab a2200229 4500
001 WB2929-19
008 090401t1993 xxu||||| |||| 00| 0 eng d
035 _a(Sirsi) u37384
041 _aeng
245 _aPutting money on efficiency
260 _c1993
350 _a0
490 _aFinancial Times
_v28 July 1993, 14(1)
520 _aOutlines the results of National Westminster Bank`s two year environmental audit project. Notes some environmental targets set.
650 _aENVIRONMENTAL APPRAISAL
650 _aENVIRONMENTAL AUDITS
650 _aENVIRONMENTAL AWARENESS
650 _aNATIONAL WESTMINSTER BANK
690 _aENVIRONMENTAL AND LAND CONSULTANCY
942 _n0
948 _c04/03/1997
999 _c24174
_d24174